| 000 | 00570nam a22002057a 4500 | ||
|---|---|---|---|
| 005 | 20220420113956.0 | ||
| 008 | 220420b ||||| |||| 00| 0 eng d | ||
| 040 | _cAL | ||
| 041 | _aEnglish | ||
| 082 |
_223 _a320.954 _bTAGN |
||
| 100 |
_aRabindranath Tagore _930539 |
||
| 245 | _aNationalism | ||
| 260 |
_aCalcutta _bRupa and Co _c1992 |
||
| 300 |
_a104 p. _bPB _c20x13 cm. |
||
| 365 |
_b₹50.00 _c₹ _d₹50.00 |
||
| 650 |
_a Nationalism _930540 |
||
| 650 |
_a Political Situation & Condition _930541 |
||
| 700 |
_aTAGORE (Rabindranath) _930542 |
||
| 942 |
_2ddc _cGF |
||
| 999 |
_c222507 _d222507 |
||